000 00453nam a2200181Ia 4500
005 20230609114027.0
008 131103s9999 xx 000 0 und d
040 _aLoreto College
041 _aEnglish
082 _aF
_bDUM
100 _aDu Maurier,Daphne
245 4 _aThe kings general
_cDaphne Du Maurier
260 _aLondon
_bVictor Gollancz Ltd.
_c1964
300 _a298 p.
650 _aFiction in English
850 _aLCLIB
942 _cBK
999 _c15799
_d66278